Zdokonaľovanie ročného plánovania stavebnej výroby v stavebnom podniku -1. časť: Ciele riešenia

Podrobná bibliografia
Hlavný autor: Trávnik, Igor, 1942-2022 (Autor)
Médium: Článok
Jazyk:slovenčina
Predmet:

MARC

LEADER 00000nab a2200000Ia 4500
001 vtls010784595
003 SK-MaSNL
005 20260303184720.0
008 230218|1976 xo |||||||||||||||||slo|
035 |a (urnnbn)urn:nbn:sk:snk:ar-a02ghe 
035 |a (uuid)fb2d6fda-350c-4729-bf8b-70f6adbb27db 
035 |a urn:nbn:sk:snk-ab4kvv 
040 |a SNKBUCL  |b slo  |c SNKBUCL  |e AACR2 
041 0 |a slo 
044 |a xo  |c SK 
080 |a 005.51  |2 2001 
080 |a 69:005.71  |2 2001 
100 1 |a Trávnik, Igor,  |d 1942-2022  |4 aut  |9 218939 
245 1 0 |a Zdokonaľovanie ročného plánovania stavebnej výroby v stavebnom podniku -1. časť: Ciele riešenia  |c Igor Trávnik 
650 0 7 |a plánovanie  |2 SNKPH  |9 15324 
650 0 7 |a stavebná výroba  |2 SNK  |9 70946 
650 0 7 |a stavebné podniky  |2 SNKPH  |9 4036 
773 0 |t Ekonomika stavebníctva  |g Roč. 11, č. 11 (1976), s. 305-312 
954 |a odborná, vedecká literatúra pôvodná (slovenská)  |2 lita 
958 |a OND 
958 |a EUIPO 
958 |a article3 
999 |c 2127750  |d 2129680